Normal view
MARC view
- Palladino, Michael Angelo.
Entry Personal Name
001 - CONTROL NUMBER
- control field: 17283
003 - CONTROL NUMBER IDENTIFIER
- control field: NUST
005 - DATE AND TIME OF LATEST TRANSACTION
- control field: 20190710074438.0
008 - FIXED-LENGTH DATA ELEMENTS
- fixed length control field: 190710|| aca||aabn | a|a d
040 ## - CATALOGING SOURCE
- Original cataloging agency: NUST
- Transcribing agency: NUST
100 ## - HEADING--PERSONAL NAME
- Personal name: Palladino, Michael Angelo.
670 ## - SOURCE DATA FOUND
- Source citation: Work cat.: (NUST)0: Thieman, William J. 17281, Introduction to biotechnology /, c2014.
